| 000 | 00758nam a2200253 a 4500 | ||
|---|---|---|---|
| 001 | 8639 | ||
| 003 | BD-RjUL | ||
| 005 | 20211208234626.0 | ||
| 008 | 161227s1958 mau 001 0 eng d | ||
| 035 | _a(BD-RjUL)8684 | ||
| 040 |
_aBD-RjUL _beng _cBD-RjUL |
||
| 041 | _aeng | ||
| 082 |
_220 _a535 _bSEO 1958 |
||
| 100 | 1 |
_aSears, Francis Weston, _d1898-1975. _925763 |
|
| 245 | 1 | 0 |
_aOptics / _cFrancis Weston Sears |
| 250 | _a3rd ed. | ||
| 260 |
_aCambridge, Mass : _bAddison-Wesley , _c1958 [Printed 1962,1964] |
||
| 300 |
_ax, 386 p. : _bill. ; _c23 cm |
||
| 490 | 0 | _aAddison-Wesley principles of physics series | |
| 504 | _aIncludes index. | ||
| 650 | 0 |
_aOptics _924500 |
|
| 830 |
_aAddison-Wesley principles of physics series _9213257 |
||
| 942 |
_2ddc _cBK |
||
| 999 |
_c8639 _d8639 |
||